Things Fall Apart (Record no. 11458)
[ view plain ]
| 000 -LEADER | |
|---|---|
| fixed length control field | 00391nam a22001697a 4500 |
| 003 - CONTROL NUMBER IDENTIFIER | |
| control field | OSt |
| 008 - FIXED-LENGTH DATA ELEMENTS--GENERAL INFORMATION | |
| fixed length control field | 220810b ||||| |||| 00| 0 eng d |
| 020 ## - INTERNATIONAL STANDARD BOOK NUMBER | |
| International Standard Book Number | 9780385474542 |
| 082 ## - DEWEY DECIMAL CLASSIFICATION NUMBER | |
| Classification number | 823 ACT |
| 100 ## - MAIN ENTRY--PERSONAL NAME | |
| Personal name | ACHEBE, Chinua |
| 245 ## - TITLE STATEMENT | |
| Title | Things Fall Apart |
| 250 ## - EDITION STATEMENT | |
| Edition statement | 1st ed. |
| 260 ## - PUBLICATION, DISTRIBUTION, ETC. (IMPRINT) | |
| Place of publication, distribution, etc | New York |
| Name of publisher, distributor, etc | Penguin Books |
| Date of publication, distribution, etc | 2017 |
| 300 ## - PHYSICAL DESCRIPTION | |
| Extent | 209 p. |
| 650 ## - SUBJECT ADDED ENTRY--TOPICAL TERM | |
| Topical term or geographic name as entry element | English (H) |
| 942 ## - ADDED ENTRY ELEMENTS (KOHA) | |
| Source of classification or shelving scheme | Dewey Decimal Classification |
| Koha item type | Text Books |
| 942 ## - ADDED ENTRY ELEMENTS (KOHA) | |
| -- | 3 |
| Withdrawn status | Lost status | Source of classification or shelving scheme | Damaged status | Not for loan | Collection code | Home library | Current library | Date acquired | Source of acquisition | Currency | Cost, normal purchase price | Bill Number | Total Checkouts | Full call number | Acc. no. / Barcode | Date last seen | Date last borrowed | Actual Cost, discounted price | Bill Date | Koha item type |
|---|---|---|---|---|---|---|---|---|---|---|---|---|---|---|---|---|---|---|---|---|
| Dewey Decimal Classification | B.A Hons. English | PIET NCR College Library | PIET NCR College Library | 26/07/2022 | Kirti Prakashan | In Rupees | 699.00 | IN544 | 7 | 823 ACT | N2549 | 16/04/2025 | 02/04/2025 | 652.33 | 26/07/2022 | Text Books | ||||
| Dewey Decimal Classification | B.A Hons. English | PIET NCR College Library | PIET NCR College Library | 26/07/2022 | Kirti Prakashan | In Rupees | 699.00 | IN544 | 823 ACT | N2550 | 10/08/2022 | 652.33 | 26/07/2022 | Reference Books | ||||||
| Dewey Decimal Classification | B.A Hons. English | PIET NCR College Library | PIET NCR College Library | 26/07/2022 | Kirti Prakashan | In Rupees | 699.00 | IN544 | 6 | 823 ACT | N2551 | 21/04/2025 | 04/04/2025 | 652.33 | 26/07/2022 | Text Books | ||||
| Dewey Decimal Classification | B.A Hons. English | PIET NCR College Library | PIET NCR College Library | 26/07/2022 | Kirti Prakashan | In Rupees | 699.00 | IN544 | 7 | 823 ACT | N2552 | 21/04/2025 | 16/04/2025 | 652.00 | 26/07/2022 | Text Books | ||||
| Dewey Decimal Classification | B.A Hons. English | PIET NCR College Library | PIET NCR College Library | 26/07/2022 | Kirti Prakashan | In Rupees | 699.00 | IN544 | 5 | 823 ACT | N2553 | 23/04/2025 | 16/04/2025 | 652.33 | 26/07/2022 | Text Books | ||||
| Dewey Decimal Classification | B.A Hons. English | PIET NCR College Library | PIET NCR College Library | 26/07/2022 | Kirti Prakashan | In Rupees | 699.00 | IN544 | 6 | 823 ACT | N2554 | 11/04/2025 | 01/04/2025 | 652.33 | 26/07/2022 | Text Books | ||||
| Dewey Decimal Classification | B.A Hons. English | PIET NCR College Library | PIET NCR College Library | 26/07/2022 | Kirti Prakashan | In Rupees | 699.00 | IN544 | 9 | 823 ACT | N2555 | 23/04/2025 | 15/04/2025 | 652.33 | 26/07/2022 | Text Books | ||||
| Dewey Decimal Classification | B.A Hons. English | PIET NCR College Library | PIET NCR College Library | 26/07/2022 | Kirti Prakashan | In Rupees | 699.00 | IN544 | 5 | 823 ACT | N2556 | 16/04/2025 | 02/04/2025 | 652.33 | 26/07/2022 | Text Books |